An integrated approach to software engineering / (Record no. 176467)
[ view plain ]
| 000 -LEADER | |
|---|---|
| fixed length control field | 01096 a2200241 4500 |
| 003 - CONTROL NUMBER IDENTIFIER | |
| control field | Nust |
| 005 - DATE AND TIME OF LATEST TRANSACTION | |
| control field | 20220802134903.0 |
| 010 ## - LIBRARY OF CONGRESS CONTROL NUMBER | |
| LC control number | 2005050014 |
| 020 ## - INTERNATIONAL STANDARD BOOK NUMBER | |
| International Standard Book Number | 8173192715 |
| 040 ## - CATALOGING SOURCE | |
| Transcribing agency | Nust |
| 082 00 - DEWEY DECIMAL CLASSIFICATION NUMBER | |
| Classification number | 005.1,JAL |
| 100 1# - MAIN ENTRY--PERSONAL NAME | |
| Personal name | Jalote, Pankaj. |
| 9 (RLIN) | 60760 |
| 245 13 - TITLE STATEMENT | |
| Title | An integrated approach to software engineering / |
| Statement of responsibility, etc. | Pankaj Jalote. |
| 250 ## - EDITION STATEMENT | |
| Edition statement | 2nd ed. |
| 260 ## - PUBLICATION, DISTRIBUTION, ETC. | |
| Place of publication, distribution, etc. | New Delhi |
| Name of publisher, distributor, etc. | Narosa publishing house |
| Date of publication, distribution, etc. | 1997 |
| 300 ## - PHYSICAL DESCRIPTION | |
| Extent | xiv, 497 p. : |
| Other physical details | ill. ; |
| Dimensions | 24 cm. |
| 440 #0 - SERIES STATEMENT/ADDED ENTRY--TITLE | |
| Title | Texts in computer science |
| 9 (RLIN) | 87718 |
| 505 ## - FORMATTED CONTENTS NOTE | |
| Formatted contents note | Introduction (Page-1), Software Processes (Page-23), Software Requirements Analysis And Specification (Page-73), Planning A Software Project (Page-159), Function Oriented Design (Page-209), Object Oriented Design (Page-273), Detailed Design (Page-329), Coding (Page-355), Testing (Page-403). |
| 650 #0 - SUBJECT ADDED ENTRY--TOPICAL TERM | |
| Topical term or geographic name entry element | Software engineering. |
| 9 (RLIN) | 2256 |
| 856 42 - ELECTRONIC LOCATION AND ACCESS | |
| Materials specified | Publisher description |
| Uniform Resource Identifier | <a href="http://www.loc.gov/catdir/enhancements/fy0662/2005050014-d.html">http://www.loc.gov/catdir/enhancements/fy0662/2005050014-d.html</a> |
| 856 42 - ELECTRONIC LOCATION AND ACCESS | |
| Materials specified | Table of contents only |
| Uniform Resource Identifier | <a href="http://www.loc.gov/catdir/enhancements/fy0818/2005050014-t.html">http://www.loc.gov/catdir/enhancements/fy0818/2005050014-t.html</a> |
| 942 ## - ADDED ENTRY ELEMENTS (KOHA) | |
| Source of classification or shelving scheme | |
| Koha item type | Book |
| Call number prefix | 005.1,JAL |
| Withdrawn status | Lost status | Source of classification or shelving scheme | Damaged status | Not for loan | Permanent Location | Current Location | Shelving location | Date acquired | Full call number | Barcode | Date last seen | Price effective from | Koha item type | Public note |
|---|---|---|---|---|---|---|---|---|---|---|---|---|---|---|
| Military College of Signals (MCS) | Military College of Signals (MCS) | General Stacks | 12/12/2016 | 005.1,JAL | MCS31198 | 12/08/2016 | 12/12/2016 | Book | Almirah No.3, Shelf No.5 |
